[Event "Tournoi MI ECAM LaSalle Lyon 2024"]
[Site "France, Lyon"]
[Date "2024.04.22"]
[Round "1.4"]
[White "Roux, Baptiste"]
[Black "Peng, Li Min"]
[Result "0-1"]
[WhiteElo "2361"]
[BlackElo "2544"]
[PlyCount "84"]
[EventDate "2024.04.??"]
[EventType "tourn"]

1. e4 {[%emt 0:00:04]} c5 {[%emt 0:00:31]} 2. Nf3 {[%emt 0:00:11]} d6 {
[%emt 0:00:28]} 3. d4 {[%emt 0:00:28]} cxd4 {[%emt 0:00:08]} 4. Nxd4 {
[%emt 0:00:05]} Nf6 {[%emt 0:00:07]} 5. Nc3 {[%emt 0:00:15]} g6 {[%emt 0:02:41]
} 6. Be3 {[%emt 0:00:31]} Bg7 {[%emt 0:00:08]} 7. f3 {[%emt 0:00:07]} O-O {
[%emt 0:01:16]} 8. Qd2 {[%emt 0:00:20]} Nc6 {[%emt 0:00:19]} 9. Bc4 {
[%emt 0:01:31]} Qa5 {[%emt 0:00:40]} 10. O-O-O {[%emt 0:02:38]} Nxd4 {
[%emt 0:00:25]} 11. Bxd4 {[%emt 0:00:06]} Be6 {[%emt 0:00:08]} 12. Bb3 {
[%emt 0:00:47]} b5 {[%emt 0:00:25]} 13. Kb1 {[%emt 0:02:31]} b4 {[%emt 0:00:08]
} 14. Nd5 {[%emt 0:01:29]} Bxd5 {[%emt 0:01:37]} 15. exd5 {[%emt 0:00:06]} Qb5
{[%emt 0:00:06]} 16. Rhe1 {[%emt 0:01:47]} a5 {[%emt 0:30:38]} 17. Qe2 {
[%emt 0:00:25]} Qxe2 {[%emt 0:00:07]} 18. Rxe2 {[%emt 0:00:03]} a4 {
[%emt 0:23:02]} 19. Bc4 {[%emt 0:02:51]} Rfc8 {[%emt 0:00:05]} 20. b3 {
[%emt 0:09:11]} Rc7 {[%emt 0:04:12]} 21. Bb5 {[%emt 0:17:53]} a3 {
[%emt 0:00:03]} 22. Bxf6 {[%emt 0:09:22]} Bxf6 {[%emt 0:00:14]} 23. Re4 {
[%emt 0:02:41]} Bc3 {[%emt 0:02:25]} 24. Rd3 {[%emt 0:01:48]} Ra5 {
[%emt 0:04:44]} 25. Bc4 {[%emt 0:01:17]} f5 {[%emt 0:06:14]} 26. Re6 {
[%emt 0:01:45]} Kf7 {[%emt 0:00:59]} 27. Kc1 {[%emt 0:09:06]} Rac5 {
[%emt 0:01:05]} 28. Kd1 {[%emt 0:01:17]} Rxc4 {[%emt 0:03:39]} 29. bxc4 {
[%emt 0:00:06]} Rxc4 {[%emt 0:00:03]} 30. g3 {[%emt 0:01:33]} g5 {
[%emt 0:01:06]} 31. h3 {[%emt 0:08:46]} h5 {[%emt 0:04:29]} 32. Rh6 {
[%emt 0:15:52]} h4 {[%emt 0:00:04]} 33. gxh4 {[%emt 0:00:12]} gxh4 {
[%emt 0:00:06]} 34. Re6 {[%emt 0:02:30]} Be5 {[%emt 0:00:28]} 35. Rd2 {
[%emt 0:06:23]} Rc3 {[%emt 0:01:19]} 36. Rf2 {[%emt 0:00:20]} Rc5 {
[%emt 0:01:59]} 37. Rd2 {[%emt 0:00:13]} Rc3 {[%emt 0:00:04]} 38. Rf2 {
[%emt 0:00:04]} Bf4 {[%emt 0:08:42]} 39. Rfe2 {[%emt 0:01:26]} Bg5 {
[%emt 0:00:04]} 40. Rg2 {[%emt 0:00:59]} Rc5 {[%emt 0:04:19]} 41. Rxd6 {
[%emt 0:03:54]} b3 {[%emt 0:00:04]} 42. Rxg5 {[%emt 0:04:55]} bxa2 {
[%emt 0:00:36]} 0-1

[Event "Tournoi MI ECAM LaSalle Lyon 2024"]
[Site "France, Lyon"]
[Date "2024.04.22"]
[Round "1.2"]
[White "Song, Julien"]
[Black "Dudognon, Thibault"]
[Result "0-1"]
[WhiteElo "2311"]
[BlackElo "2415"]
[PlyCount "174"]
[EventDate "2024.04.??"]
[EventType "tourn"]

1. d4 {[%emt 0:00:03]} Nf6 {[%emt 0:00:14]} 2. c4 {[%emt 0:00:44]} c5 {
[%emt 0:00:16]} 3. d5 {[%emt 0:00:29]} b5 {[%emt 0:00:10]} 4. cxb5 {
[%emt 0:01:49]} a6 {[%emt 0:00:15]} 5. e3 {[%emt 0:04:36]} axb5 {[%emt 0:01:57]
} 6. Bxb5 {[%emt 0:02:14]} Qa5+ {[%emt 0:00:27]} 7. Nc3 {[%emt 0:00:17]} Bb7 {
[%emt 0:00:26]} 8. Bd2 {[%emt 0:04:07]} Qb6 {[%emt 0:00:30]} 9. a4 {
[%emt 0:13:01]} Nxd5 {[%emt 0:01:19]} 10. Nf3 {[%emt 0:00:46]} e6 {
[%emt 0:28:52]} 11. Ne5 Qc7 {[%emt 0:05:53]} 12. Nxd5 {[%emt 0:05:56]} Bxd5 {
[%emt 0:07:59]} 13. Bc3 {[%emt 0:00:07]} Be7 {[%emt 0:08:46]} 14. O-O {
[%emt 0:13:05]} Bf6 {[%emt 0:03:01]} 15. f4 {[%emt 0:09:34]} O-O {
[%emt 0:02:04]} 16. Qe2 {[%emt 0:04:52]} Be4 {[%emt 0:06:58]} 17. Rfc1 d6 {
[%emt 0:03:18]} 18. Nf3 {[%emt 0:00:15]} Bxc3 {[%emt 0:00:54]} 19. Rxc3 {
[%emt 0:00:08]} Nc6 {[%emt 0:03:14]} 20. Rd1 {[%emt 0:02:40]} h6 {
[%emt 0:03:28]} 21. h3 {[%emt 0:00:21]} Rfd8 {[%emt 0:03:19]} 22. Nd2 {
[%emt 0:00:41]} Bg6 {[%emt 0:01:06]} 23. b3 {[%emt 0:01:02]} Nb4 {
[%emt 0:00:40]} 24. Nc4 {[%emt 0:01:15]} Be4 {[%emt 0:02:03]} 25. Nd2 {
[%emt 0:01:44]} Bc2 {[%emt 0:00:46]} 26. Rc1 {[%emt 0:00:40]} Bh7 {
[%emt 0:00:08]} 27. Nf3 {[%emt 0:00:49]} Nd5 {[%emt 0:02:21]} 28. Rc4 {
[%emt 0:00:06]} Qa5 {[%emt 0:00:21]} 29. Kh1 {[%emt 0:01:44]} Rab8 {
[%emt 0:03:08]} 30. Nd2 {[%emt 0:01:51]} Nb4 {[%emt 0:02:38]} 31. e4 {
[%emt 0:00:42]} Rdc8 {[%emt 0:03:11]} 32. Qe3 {[%emt 0:00:13]} Qd8 {
[%emt 0:01:50]} 33. Nf3 {[%emt 0:00:36]} Qe7 {[%emt 0:03:56]} 34. Kh2 {
[%emt 0:00:41]} Rc7 {[%emt 0:01:26]} 35. e5 {[%emt 0:00:31]} Nd5 {
[%emt 0:04:01]} 36. Qd2 {[%emt 0:00:30]} Rd8 {[%emt 0:00:44]} 37. exd6 {
[%emt 0:00:30]} Qxd6 {[%emt 0:00:55]} 38. b4 {[%emt 0:00:20]} Rdc8 {
[%emt 0:05:54]} 39. bxc5 {[%emt 0:00:25]} Rxc5 {[%emt 0:00:09]} 40. Rxc5 {
[%emt 0:00:49]} Rxc5 {[%emt 0:00:10]} 41. Ne5 {[%emt 0:26:14]} Be4 {
[%emt 0:06:42]} 42. Rc4 {[%emt 0:01:51]} Rxc4 {[%emt 0:01:16]} 43. Bxc4 {
[%emt 0:00:35]} Qc7 {[%emt 0:04:28]} 44. Bxd5 {[%emt 0:01:08]} Bxd5 {
[%emt 0:00:16]} 45. a5 {[%emt 0:01:56]} f6 {[%emt 0:00:38]} 46. Nf3 {
[%emt 0:00:39]} g5 {[%emt 0:01:46]} 47. Kg3 {[%emt 0:00:28]} Kg7 {
[%emt 0:01:02]} 48. Qb4 {[%emt 0:01:05]} gxf4+ {[%emt 0:00:18]} 49. Qxf4 {
[%emt 0:00:32]} Qxa5 {[%emt 0:00:15]} 50. Qg4+ {[%emt 0:00:30]} Kh7 {
[%emt 0:01:07]} 51. Qf4 {[%emt 0:00:30]} Qc3 {[%emt 0:05:03]} 52. Qd6 {
[%emt 0:00:15]} Kg6 {[%emt 0:04:45]} 53. Qf8 {[%emt 0:00:47]} Qc7+ {
[%emt 0:00:17]} 54. Kf2 {[%emt 0:00:19]} Qa7+ {[%emt 0:00:09]} 55. Kg3 {
[%emt 0:00:20]} Qg7 {[%emt 0:00:38]} 56. Qe8+ {[%emt 0:00:32]} Kh7+ {
[%emt 0:00:28]} 57. Kf2 {[%emt 0:00:31]} e5 {[%emt 0:00:31]} 58. Qd8 {
[%emt 0:00:30]} Be4 {[%emt 0:01:38]} 59. Qe8 {[%emt 0:00:52]} Bg6 {
[%emt 0:01:56]} 60. Qe6 {[%emt 0:00:31]} Qa7+ {[%emt 0:03:03]} 61. Kg3 {
[%emt 0:00:20]} Kg7 {[%emt 0:00:05]} 62. Kh2 {[%emt 0:00:42]} Qa4 {
[%emt 0:01:50]} 63. Qe7+ {[%emt 0:00:28]} Bf7 {[%emt 0:00:01]} 64. g4 {
[%emt 0:00:28]} Qd1 {[%emt 0:03:30]} 65. Nh4 {[%emt 0:00:36]} Qe2+ {
[%emt 0:00:04]} 66. Ng2 {[%emt 0:00:07]} Qf2 {[%emt 0:01:32]} 67. Qa3 {
[%emt 0:00:52]} Qd2 {[%emt 0:02:13]} 68. Qe3 Qa2 {[%emt 0:03:04]} 69. Kg3 {
[%emt 0:00:18]} Qb3 {[%emt 0:03:17]} 70. Kh4 {[%emt 0:00:45]} Qb4 {
[%emt 0:02:19]} 71. Kg3 {[%emt 0:00:18]} Qb3 {[%emt 0:00:36]} 72. Qxb3 {
[%emt 0:00:24]} Bxb3 {[%emt 0:00:01]} 73. Ne3 {[%emt 0:00:09]} Be6 {
[%emt 0:00:12]} 74. Kf3 {[%emt 0:01:10]} Kg6 {[%emt 0:00:11]} 75. Kg3 {
[%emt 0:00:22]} Kg5 {[%emt 0:00:30]} 76. h4+ {[%emt 0:00:38]} Kg6 {
[%emt 0:00:05]} 77. Kf3 {[%emt 0:00:30]} h5 {[%emt 0:00:18]} 78. g5 {
[%emt 0:00:32]} f5 {[%emt 0:02:25]} 79. Nf1 {[%emt 0:00:28]} Bd5+ {
[%emt 0:00:13]} 80. Ke3 {[%emt 0:00:25]} f4+ {[%emt 0:00:09]} 81. Kf2 {
[%emt 0:00:15]} e4 {[%emt 0:00:21]} 82. Nh2 {[%emt 0:00:12]} Kf5 {
[%emt 0:00:12]} 83. Ke2 {[%emt 0:00:10]} Bc4+ {[%emt 0:00:22]} 84. Ke1 {
[%emt 0:00:13]} e3 {[%emt 0:01:13]} 85. Nf3 {[%emt 0:00:08]} Ke4 {
[%emt 0:00:11]} 86. Ng1 {[%emt 0:00:23]} f3 {[%emt 0:00:21]} 87. Nh3 {
[%emt 0:00:13]} Be6 {[%emt 0:00:14]} 0-1

[Event "Tournoi MI ECAM LaSalle Lyon 2024"]
[Site "France, Lyon"]
[Date "2024.04.22"]
[Round "1.5"]
[White "Mathieu, Phileas"]
[Black "Prie, Eric"]
[Result "1-0"]
[WhiteElo "2325"]
[BlackElo "2335"]
[PlyCount "83"]
[EventDate "2024.04.??"]
[EventType "tourn"]

1. e4 {[%emt 0:00:25]} d5 {[%emt 0:00:38]} 2. exd5 {[%emt 0:00:21]} Qxd5 {
[%emt 0:00:11]} 3. Nc3 {[%emt 0:00:06]} Qa5 {[%emt 0:00:08]} 4. d4 {
[%emt 0:00:05]} Nf6 {[%emt 0:00:11]} 5. Nf3 {[%emt 0:03:02]} Bf5 {
[%emt 0:00:16]} 6. Ne5 {[%emt 0:00:31]} c6 {[%emt 0:00:09]} 7. Bc4 {
[%emt 0:00:10]} e6 {[%emt 0:00:08]} 8. g4 {[%emt 0:00:03]} Bg6 {[%emt 0:00:08]}
9. h4 {[%emt 0:00:05]} Nbd7 {[%emt 0:00:20]} 10. Nxd7 {[%emt 0:00:15]} Nxd7 {
[%emt 0:00:10]} 11. h5 {[%emt 0:00:01]} Be4 {[%emt 0:00:10]} 12. O-O {
[%emt 0:00:05]} Bd5 {[%emt 0:00:13]} 13. Nxd5 {[%emt 0:00:03]} cxd5 {
[%emt 0:00:16]} 14. Bd3 {[%emt 0:00:02]} g6 {[%emt 0:02:19]} 15. Qf3 {
[%emt 0:00:38]} gxh5 {[%emt 0:02:24]} 16. g5 {[%emt 0:00:08]} Bd6 {
[%emt 0:00:52]} 17. Be3 {[%emt 0:03:32]} Qd8 {[%emt 0:02:20]} 18. Kg2 {
[%emt 0:19:47]} Rg8 {[%emt 0:03:05]} 19. Qxh5 {[%emt 0:09:31]} Qe7 {
[%emt 0:04:24]} 20. Rg1 {[%emt 0:04:47]} O-O-O {[%emt 0:04:22]} 21. Kf1 {
[%emt 0:02:39]} Kb8 {[%emt 0:21:09]} 22. Re1 {[%emt 0:01:43]} Nf8 {
[%emt 0:08:18]} 23. Qf3 {[%emt 0:01:20]} Ng6 {[%emt 0:01:04]} 24. Rh1 {
[%emt 0:00:29]} Rg7 {[%emt 0:00:55]} 25. Qf6 {[%emt 0:04:40]} Qf8 {
[%emt 0:03:09]} 26. Rh6 {[%emt 0:10:28]} Qg8 {[%emt 0:11:15]} 27. Ke2 {
[%emt 0:15:31]} Ka8 {[%emt 0:11:23]} 28. Kd1 {[%emt 0:01:04]} Be7 {
[%emt 0:03:41]} 29. Qf3 {[%emt 0:00:56]} e5 {[%emt 0:01:38]} 30. Qf5 {
[%emt 0:03:46]} e4 {[%emt 0:00:27]} 31. Be2 {[%emt 0:01:52]} Nf8 {
[%emt 0:01:55]} 32. f4 {[%emt 0:00:45]} exf3 {[%emt 0:02:39]} 33. Bxf3 {
[%emt 0:00:50]} Bxg5 {[%emt 0:05:07]} 34. Rd6 {[%emt 0:02:05]} Ne6 {
[%emt 0:00:18]} 35. Qxd5 {[%emt 0:00:40]} Rb8 {[%emt 0:00:45]} 36. Bf2 {
[%emt 0:06:24]} Bf4 {[%emt 0:02:05]} 37. Rd7 {[%emt 0:05:44]} Qc8 {
[%emt 0:00:36]} 38. Qb5 {[%emt 0:00:38]} Bg3 {[%emt 0:02:47]} 39. Rxe6 {
[%emt 0:01:35]} fxe6 {[%emt 0:00:50]} 40. Rxg7 {[%emt 0:00:24]} Bxf2 {
[%emt 0:00:08]} 41. c3 {[%emt 0:01:06]} h5 {[%emt 0:03:01]} 42. a4 {
[%emt 0:00:30]} 1-0

[Event "Tournoi MI ECAM LaSalle Lyon 2024"]
[Site "France, Lyon"]
[Date "2024.04.22"]
[Round "1.1"]
[White "Waldhausen Gordon, Frederick"]
[Black "Dgebuadze, Alexandre"]
[Result "1/2-1/2"]
[WhiteElo "2362"]
[BlackElo "2449"]
[PlyCount "41"]
[EventDate "2024.04.??"]
[EventType "tourn"]

1. d4 {[%emt 0:00:01]} e6 {[%emt 0:00:37]} 2. c4 {[%emt 0:00:07]} b6 {
[%emt 0:00:49]} 3. a3 {[%emt 0:00:42]} d5 {[%emt 0:03:55]} 4. Nc3 {
[%emt 0:01:37]} Nf6 {[%emt 0:00:10]} 5. cxd5 {[%emt 0:00:37]} exd5 {
[%emt 0:00:08]} 6. Bf4 {[%emt 0:00:28]} c6 {[%emt 0:03:37]} 7. e3 {
[%emt 0:01:49]} Bd6 {[%emt 0:00:55]} 8. Bxd6 {[%emt 0:01:51]} Qxd6 {
[%emt 0:00:06]} 9. Bd3 {[%emt 0:00:23]} O-O {[%emt 0:00:19]} 10. Nge2 {
[%emt 0:01:11]} Re8 {[%emt 0:06:19]} 11. Qc2 {[%emt 0:02:31]} Ba6 {
[%emt 0:09:08]} 12. Bxa6 {[%emt 0:05:24]} Nxa6 {[%emt 0:00:46]} 13. b4 {
[%emt 0:01:15]} Nc7 {[%emt 0:02:33]} 14. O-O {[%emt 0:05:57]} a5 {
[%emt 0:04:56]} 15. bxa5 {[%emt 0:08:49]} Rxa5 {[%emt 0:06:42]} 16. Rfb1 {
[%emt 0:02:21]} b5 {[%emt 0:01:52]} 17. a4 {[%emt 0:06:49]} Rea8 {
[%emt 0:00:19]} 18. Ng3 {[%emt 0:00:58]} g6 {[%emt 0:09:54]} 19. Qb3 {
[%emt 0:06:08]} Nd7 {[%emt 0:10:00]} 20. Ra2 {[%emt 0:03:35]} c5 {
[%emt 0:04:47]} 21. axb5 {[%emt 0:02:18]} 1/2-1/2

[Event "Tournoi MI ECAM LaSalle Lyon 2024"]
[Site "France, Lyon"]
[Date "2024.04.22"]
[Round "1.3"]
[White "Breuil, Tristan"]
[Black "Flear, Glenn C"]
[Result "1-0"]
[WhiteElo "2281"]
[BlackElo "2400"]
[PlyCount "119"]
[EventDate "2024.04.??"]
[EventType "tourn"]

1. e4 {[%emt 0:00:33]} e5 {[%emt 0:00:11]} 2. Nf3 {[%emt 0:00:11]} Nc6 {
[%emt 0:00:17]} 3. Bb5 {[%emt 0:00:09]} a6 {[%emt 0:00:10]} 4. Ba4 {
[%emt 0:00:11]} Nf6 {[%emt 0:00:08]} 5. O-O {[%emt 0:00:06]} b5 {[%emt 0:00:41]
} 6. Bb3 {[%emt 0:00:11]} Bc5 {[%emt 0:00:10]} 7. c3 {[%emt 0:01:13]} d6 {
[%emt 0:00:37]} 8. a4 {[%emt 0:00:19]} Rb8 {[%emt 0:00:27]} 9. d4 {
[%emt 0:00:11]} Bb6 {[%emt 0:00:12]} 10. a5 {[%emt 0:00:11]} Ba7 {
[%emt 0:00:30]} 11. h3 {[%emt 0:02:42]} O-O {[%emt 0:01:38]} 12. Be3 {
[%emt 0:00:14]} Ra8 {[%emt 0:01:41]} 13. Re1 {[%emt 0:04:05]} h6 {
[%emt 0:02:14]} 14. Bc2 {[%emt 0:05:42]} Re8 {[%emt 0:11:02]} 15. Nbd2 {
[%emt 0:01:59]} Bb7 {[%emt 0:08:53]} 16. d5 {[%emt 0:14:12]} Ne7 {
[%emt 0:05:22]} 17. Bxa7 {[%emt 0:00:43]} Rxa7 {[%emt 0:00:08]} 18. c4 {
[%emt 0:01:34]} c6 {[%emt 0:03:35]} 19. b3 {[%emt 0:10:32]} b4 {[%emt 0:05:27]}
20. c5 {[%emt 0:16:28]} cxd5 {[%emt 0:06:38]} 21. cxd6 {[%emt 0:03:41]} Qxd6 {
[%emt 0:18:28]} 22. Nc4 {[%emt 0:04:37]} Qc5 {[%emt 0:05:21]} 23. exd5 {
[%emt 0:02:34]} Nexd5 {[%emt 0:00:35]} 24. Rxe5 {[%emt 0:03:24]} Raa8 {
[%emt 0:01:43]} 25. Qd4 {[%emt 0:02:53]} Qxd4 {[%emt 0:01:31]} 26. Rxe8+ {
[%emt 0:01:22]} Nxe8 {[%emt 0:02:31]} 27. Nxd4 {[%emt 0:02:24]} Nf4 28. f3 {
[%emt 0:02:24]} g6 {[%emt 0:01:48]} 29. Ra4 {[%emt 0:06:52]} Nd5 {
[%emt 0:12:36]} 30. Be4 {[%emt 0:00:19]} Nef6 {[%emt 0:01:35]} 31. Bxd5 {
[%emt 0:03:19]} Nxd5 {[%emt 0:00:39]} 32. Nb6 {[%emt 0:01:10]} Rb8 {
[%emt 0:02:01]} 33. Kf2 {[%emt 0:03:44]} Ba8 {[%emt 0:00:12]} 34. Nxa8 {
[%emt 0:01:56]} Rxa8 {[%emt 0:00:05]} 35. Nc6 {[%emt 0:00:17]} Kg7 {
[%emt 0:05:00]} 36. Nxb4 {[%emt 0:00:26]} Nc7 {[%emt 0:00:06]} 37. Nd3 {
[%emt 0:00:42]} Rd8 {[%emt 0:00:14]} 38. Ke3 {[%emt 0:03:08]} Nd5+ {
[%emt 0:00:10]} 39. Kd2 {[%emt 0:00:07]} Rb8 {[%emt 0:00:36]} 40. Nc5 {
[%emt 0:02:26]} Nb4 {[%emt 0:02:12]} 41. Kc3 {[%emt 0:02:13]} Nd5+ {
[%emt 0:03:28]} 42. Kd3 {[%emt 0:03:45]} Rd8 {[%emt 0:02:19]} 43. Rd4 {
[%emt 0:03:58]} Rd6 {[%emt 0:00:05]} 44. Kd2 {[%emt 0:03:14]} Kf6 {
[%emt 0:01:10]} 45. Nxa6 {[%emt 0:06:18]} Ke5 {[%emt 0:00:30]} 46. Re4+ {
[%emt 0:01:30]} Kf5 {[%emt 0:00:09]} 47. g4+ {[%emt 0:00:41]} Kg5 {
[%emt 0:01:41]} 48. Nc5 {[%emt 0:05:36]} Nf6+ {[%emt 0:03:18]} 49. Kc2 {
[%emt 0:00:34]} Kh4 {[%emt 0:00:14]} 50. Rc4 {[%emt 0:03:11]} Kxh3 {
[%emt 0:00:29]} 51. Ne4 {[%emt 0:01:33]} Nxe4 {[%emt 0:00:15]} 52. Rxe4 {
[%emt 0:00:02]} h5 {[%emt 0:00:19]} 53. gxh5 {[%emt 0:00:45]} gxh5 {
[%emt 0:00:06]} 54. Ra4 {[%emt 0:00:24]} Kg3 {[%emt 0:00:44]} 55. a6 {
[%emt 0:00:14]} Rd8 {[%emt 0:00:50]} 56. a7 {[%emt 0:01:06]} Ra8 {
[%emt 0:00:05]} 57. b4 {[%emt 0:00:55]} h4 {[%emt 0:00:08]} 58. b5 {
[%emt 0:00:40]} h3 {[%emt 0:00:37]} 59. b6 {[%emt 0:00:08]} h2 {[%emt 0:00:12]}
60. b7 {[%emt 0:02:01]} 1-0

[Event "Tournoi MI ECAM LaSalle Lyon 2024"]
[Site "France, Lyon"]
[Date "2024.04.23"]
[Round "2.2"]
[White "Dudognon, Thibault"]
[Black "Breuil, Tristan"]
[Result "1-0"]
[WhiteElo "2415"]
[BlackElo "2281"]
[PlyCount "33"]
[EventDate "2024.04.??"]
[EventType "tourn"]

1. e4 {[%emt 0:02:46]} c5 {[%emt 0:00:16]} 2. Nf3 {[%emt 0:00:13]} d6 {
[%emt 0:00:07]} 3. d4 {[%emt 0:00:07]} cxd4 {[%emt 0:00:06]} 4. Nxd4 {
[%emt 0:00:03]} Nf6 {[%emt 0:00:11]} 5. Nc3 {[%emt 0:00:04]} a6 {[%emt 0:00:05]
} 6. Bg5 {[%emt 0:00:05]} e6 {[%emt 0:00:28]} 7. f4 {[%emt 0:00:13]} h6 {
[%emt 0:00:06]} 8. Bh4 {[%emt 0:00:05]} Nbd7 {[%emt 0:00:09]} 9. Qe2 {
[%emt 0:00:09]} e5 {[%emt 0:00:41]} 10. O-O-O {[%emt 0:00:09]} exf4 {
[%emt 0:17:39]} 11. Bxf6 {[%emt 0:10:22]} Qxf6 {[%emt 0:23:31]} 12. Nd5 {
[%emt 0:00:47]} Qd8 {[%emt 0:00:20]} 13. Ne6 {[%emt 0:03:37]} Qa5 {
[%emt 0:05:19]} 14. Nec7+ {[%emt 0:02:07]} Kd8 {[%emt 0:00:12]} 15. Nxa8 {
[%emt 0:00:20]} Ne5 {[%emt 0:00:05]} 16. Kb1 {[%emt 0:04:24]} Bg4 {
[%emt 0:00:20]} 17. Qe1 {[%emt 0:00:48]} 1-0

[Event "Tournoi MI ECAM LaSalle Lyon 2024"]
[Site "France, Lyon"]
[Date "2024.04.23"]
[Round "2.4"]
[White "Dgebuadze, Alexandre"]
[Black "Peng, Li Min"]
[Result "1/2-1/2"]
[WhiteElo "2449"]
[BlackElo "2544"]
[PlyCount "20"]
[EventDate "2024.04.??"]
[EventType "tourn"]

1. e4 {[%emt 0:00:26]} e5 {[%emt 0:01:13]} 2. Nf3 {[%emt 0:00:33]} Nc6 {
[%emt 0:00:07]} 3. Bc4 {[%emt 0:00:48]} Nf6 {[%emt 0:00:08]} 4. d3 {
[%emt 0:00:16]} Bc5 {[%emt 0:00:09]} 5. O-O {[%emt 0:00:28]} O-O {
[%emt 0:00:07]} 6. Nc3 {[%emt 0:03:02]} h6 {[%emt 0:01:07]} 7. a3 {
[%emt 0:08:36]} d6 {[%emt 0:00:19]} 8. h3 {[%emt 0:05:22]} Be6 {[%emt 0:00:27]}
9. Bd2 {[%emt 0:15:23]} Bxc4 {[%emt 0:03:37]} 10. dxc4 {[%emt 0:00:04]} a5 {
[%emt 0:00:05]} 1/2-1/2

[Event "Tournoi MI ECAM LaSalle Lyon 2024"]
[Site "France, Lyon"]
[Date "2024.04.23"]
[Round "2.3"]
[White "Flear, Glenn C"]
[Black "Mathieu, Phileas"]
[Result "1-0"]
[WhiteElo "2400"]
[BlackElo "2325"]
[PlyCount "105"]
[EventDate "2024.04.??"]
[EventType "tourn"]

1. d4 {[%emt 0:00:03]} Nf6 {[%emt 0:00:31]} 2. c4 {[%emt 0:00:13]} e6 {
[%emt 0:00:04]} 3. Nf3 {[%emt 0:00:52]} d5 {[%emt 0:00:26]} 4. Nc3 {
[%emt 0:00:10]} Be7 {[%emt 0:00:40]} 5. g3 {[%emt 0:01:49]} O-O {[%emt 0:00:25]
} 6. Bg2 {[%emt 0:00:08]} c6 {[%emt 0:01:43]} 7. O-O {[%emt 0:00:46]} Nbd7 {
[%emt 0:05:05]} 8. Qd3 {[%emt 0:12:56]} b6 {[%emt 0:15:20]} 9. e4 {
[%emt 0:00:47]} Ba6 {[%emt 0:15:55]} 10. b3 {[%emt 0:00:12]} Rc8 {
[%emt 0:01:28]} 11. a4 {[%emt 0:03:33]} Bb4 {[%emt 0:09:00]} 12. exd5 {
[%emt 0:03:36]} Bxc3 {[%emt 0:09:27]} 13. Qxc3 {[%emt 0:00:17]} cxd5 {
[%emt 0:00:05]} 14. Nd2 {[%emt 0:02:37]} dxc4 {[%emt 0:08:24]} 15. Nxc4 {
[%emt 0:09:17]} Nd5 {[%emt 0:02:50]} 16. Qd3 {[%emt 0:00:31]} Qf6 {
[%emt 0:02:53]} 17. Ba3 {[%emt 0:04:39]} Rfd8 {[%emt 0:00:01]} 18. Rac1 {
[%emt 0:02:07]} Nb8 {[%emt 0:12:20]} 19. Rfd1 {[%emt 0:00:31]} Nc6 {
[%emt 0:00:02]} 20. Qd2 {[%emt 0:00:37]} Nce7 {[%emt 0:03:08]} 21. Ne5 {
[%emt 0:07:10]} Bb7 {[%emt 0:01:52]} 22. Ng4 {[%emt 0:08:22]} Qf5 {
[%emt 0:03:34]} 23. Bxe7 {[%emt 0:00:22]} Qxg4 {[%emt 0:00:10]} 24. Bxd8 {
[%emt 0:01:34]} Rxd8 {[%emt 0:00:01]} 25. h3 {[%emt 0:01:11]} Qg6 {
[%emt 0:00:29]} 26. a5 {[%emt 0:02:28]} h5 27. axb6 {[%emt 0:00:22]} axb6 {
[%emt 0:00:02]} 28. h4 {[%emt 0:01:06]} f5 {[%emt 0:01:52]} 29. Qg5 {
[%emt 0:03:40]} Qxg5 {[%emt 0:00:02]} 30. hxg5 {[%emt 0:00:09]} Kf7 {
[%emt 0:00:05]} 31. f4 {[%emt 0:02:17]} Rd7 {[%emt 0:01:00]} 32. Kf2 {
[%emt 0:00:27]} b5 {[%emt 0:01:57]} 33. Rc5 {[%emt 0:02:27]} b4 {[%emt 0:00:05]
} 34. Ra1 {[%emt 0:00:59]} h4 {[%emt 0:05:02]} 35. Ra7 {[%emt 0:01:09]} hxg3+ {
[%emt 0:00:16]} 36. Kxg3 {[%emt 0:00:14]} Ke7 {[%emt 0:00:01]} 37. Bxd5 {
[%emt 0:03:22]} Bxd5 {[%emt 0:00:07]} 38. Rcc7 {[%emt 0:02:22]} Rxc7 {
[%emt 0:00:19]} 39. Rxc7+ {[%emt 0:00:06]} Kf8 {[%emt 0:00:21]} 40. g6 {
[%emt 0:01:35]} Bxb3 {[%emt 0:00:18]} 41. Rf7+ {[%emt 0:00:23]} Ke8 {
[%emt 0:00:04]} 42. Rxg7 {[%emt 0:03:12]} Bd5 {[%emt 0:01:06]} 43. Rg8+ {
[%emt 0:05:10]} Ke7 {[%emt 0:01:59]} 44. Kh4 {[%emt 0:07:07]} e5 {
[%emt 0:00:35]} 45. Rb8 {[%emt 0:00:04]} exf4 {[%emt 0:00:25]} 46. Rxb4 {
[%emt 0:00:26]} f3 {[%emt 0:04:22]} 47. Rb2 {[%emt 0:00:27]} Kf6 {
[%emt 0:01:25]} 48. Kh5 {[%emt 0:00:18]} f4 {[%emt 0:01:22]} 49. Kh6 {
[%emt 0:00:16]} Bc4 {[%emt 0:19:50]} 50. g7 {[%emt 0:02:20]} Kf5 {
[%emt 0:00:36]} 51. d5 {[%emt 0:01:11]} Bxd5 {[%emt 0:00:15]} 52. Rb5 {
[%emt 0:00:07]} Ke4 {[%emt 0:00:29]} 53. Rxd5 1-0